000 00533nam a2200181Ia 4500
008 100917s9999 xx 000 0 und d
082 _b11503
100 _aखरे सुरेश
245 _aअसुनी नाथ मी अनाथ
260 _bजोशी ब्रदर्स
_c1973
300 _a83
365 _b5
520 _aनाटक
630 _aअसुनी नाथ मी अनाथ
650 _aनाटक
730 _aअसुनी नाथ मी अनाथ
942 _cBOOK
999 _c616897
_d616894